000 00269 a2200121 4500
001 32284
082 _a658.404 LOC
090 _c21671
_d21671
100 _aLock, Dennis
245 _aProject Management, 5/e
250 _a5
260 _aHants England
_bGower
_c1992
942 _aNUST-CAE
_k658.404 LOC
999 _c267357
_d267357